Floating exchange rates and the state of world trade payments / (Record no. 14563)
[ view plain ]
| 000 -LEADER | |
|---|---|
| fixed length control field | 00569cam a2200193 a 4500 |
| 020 ## - INTERNATIONAL STANDARD BOOK NUMBER | |
| ISBN | 0884109984 (pbk.) |
| 040 ## - CATALOGING SOURCE | |
| Transcribing agency | DLC |
| 082 00 - DEWEY DECIMAL CLASSIFICATION NUMBER | |
| Classification number | 332 BAL 1984 A069 Or. |
| 245 00 - TITLE STATEMENT | |
| Title | Floating exchange rates and the state of world trade payments / |
| 260 ## - PUBLICATION, DISTRIBUTION, ETC. (IMPRINT) | |
| Place of publication | Cambridge, Mass. : |
| Name of publisher | Ballinger Pub., Co., |
| Year of publication | 1984. |
| 300 ## - PHYSICAL DESCRIPTION | |
| Number of Pages | xxvi, 309 p. ; |
| Dimensions | 23 cm. |
| 650 #0 - SUBJECT ADDED ENTRY--TOPICAL TERM | |
| Topical Term | Foreign exchange. |
| 650 #0 - SUBJECT ADDED ENTRY--TOPICAL TERM | |
| Topical Term | International finance. |
| 650 #0 - SUBJECT ADDED ENTRY--TOPICAL TERM | |
| Topical Term | International economic relations. |
| 650 #0 - SUBJECT ADDED ENTRY--TOPICAL TERM | |
| Topical Term | Balance of payments. |
| 700 1# - ADDED ENTRY--PERSONAL NAME | |
| Personal name | Bigman, David. |
| 700 1# - ADDED ENTRY--PERSONAL NAME | |
| Personal name | Taya, Teizo. |
| 942 ## - ADDED ENTRY ELEMENTS (KOHA) | |
| Koha item type | សៀវភៅភាសាអង់គ្លេស |
| 952 ## - LOCATION AND ITEM INFORMATION (KOHA) | |
| Withdrawn status [LOCAL, KOHA] | 0 |
| Permanent Location | Date acquired | Koha item type | Lost status | Shelving location | Barcode | Current Location | Full call number |
|---|---|---|---|---|---|---|---|
| Library Block A | 2017-10-19 | សៀវភៅភាសាអង់គ្លេស | A069 | RUA061057 | Library Block A | 332 BAL 1984 A069 Or. |